| 000 | 00422pab a2200145 454500 | ||
|---|---|---|---|
| 008 | 180718b1995 xxu||||| |||| 00| 0 eng d | ||
| 100 | _aBrudney, Jeffrey | ||
| 245 | _aThe adoption of innovation by smaller local governments: the case of computer technology | ||
| 260 | _c1995 | ||
| 300 | _ap.71-85 | ||
| 362 | _aMar | ||
| 650 | _aLocal government | ||
| 773 | _aAmerican Review of Public Administration | ||
| 909 | _a35346 | ||
| 999 |
_c35346 _d35346 |
||